000 00551nam a2200193 4500
003 OSt
005 20240719035129.0
006 a
008 240719b |||||||| |||| 00| 0 eng d
020 _a8189526707
040 _aDWCL-Main lib.
_cOC
082 _aCirc. 381.142 G724a 2005
100 _aGoyal, P. K.
245 _aAdaptation and implementation of e-commerce /
260 _aDelhi:
_bVista International Pub. House,
_cc2005.
300 _avi,
_b271 p. : ill.
_c23 cm.
650 _a1. Electronic commerce.
942 _2ddc
_n0
_cBK-CIRC
_kCirc.
999 _c2426
_d2426